000 00675nam a2200217 a 4500
999 _c4311
_d4311
001 4311
003 BD-JhCC
005 20171126094932.0
008 171126s2008 bg a|||| |||| 000 0 ben d
020 _a9847000601438
035 _a(BD-JhCC) 4311
040 _aBD-JhCC
_dBD-JhCC
041 _aben
082 _a618.92
_bCHO 2008
245 _aছোটদের স্বাস্থ্য /
_cডা. প্রণব কুমার চৌধুরী
260 _aঢাকা :
_bআগামী প্রকাশনী,
_c২০০৮.
300 _a২১৬ পৃ. :
_c২২ সেমি.
_bill. ;
650 _aChild health
942 _2ddc
_cBK